[Event "XXIII Mitropa Cup"]
[Site "Zemplinska Sirava SVK"]
[Date "2004.06.01"]
[Round "4.4"]
[White "Wirig, Anthony"]
[Black "Contin, Daniel"]
[Result "1/2-1/2"]
[WhiteElo "2422"]
[BlackElo "2401"]
[Annotator "ITA-FRA"]
[PlyCount "125"]
[EventDate "2004.05.29"]

1. c4 c5 2. g3 Nf6 3. Bg2 d5 4. cxd5 Nxd5 5. Nc3 Nc7 6. Qb3 Nc6 7. Bxc6+ bxc6
8. Qa4 Qd7 9. Nf3 f6 10. d3 e5 11. Be3 Ne6 12. O-O Rb8 13. Rab1 Be7 14. Rfc1
Nd4 15. Bxd4 cxd4 16. Ne4 Rb5 17. Qc4 Bb7 18. b4 a5 19. Nc5 Bxc5 20. bxc5 Ba6
21. Qc2 Ke7 22. Rxb5 cxb5 23. Nd2 Qd5 24. Ne4 f5 25. Nd6 Kf6 26. e4 dxe3 27.
fxe3 g6 28. Qd2 b4 29. d4 Ke6 30. Qf2 Rd8 31. h4 a4 32. Rd1 Rxd6 33. cxd6 Bb7
34. Kh2 exd4 35. exd4 Kxd6 36. Re1 Kc7 37. Qc2+ Bc6 38. Qd2 b3 39. axb3 axb3
40. Qe2 Qxd4 41. Rd1 Qe4 42. Qf2 Kb7 43. Qb2 Qc2+ 44. Qxc2 bxc2 45. Rc1 Be4 46.
Kg1 Kb6 47. Kf2 Kc5 48. Ke3 Kc4 49. Kd2 Kb3 50. Ra1 Kb2 51. Rc1 h5 52. Re1 Bf3
53. Rf1 Bd1 54. Rxd1 cxd1=Q+ 55. Kxd1 Kc3 56. Ke2 Kd4 57. Kf3 Kd3 58. Kf4 Ke2
59. Kg5 Kf3 60. Kxg6 Kg4 61. Kf6 f4 62. gxf4 Kxf4 63. Ke6 1/2-1/2

[Event "XXIII Mitropa Cup"]
[Site "Zemplinska Sirava SVK"]
[Date "2004.06.02"]
[Round "5.1"]
[White "Jankovic, Alojzije"]
[Black "Arlandi, Ennio"]
[Result "1-0"]
[WhiteElo "2444"]
[BlackElo "2431"]
[Annotator "ITA-CRO"]
[PlyCount "49"]
[EventDate "2004.05.29"]

1. d4 d5 2. c4 c6 3. e3 Nf6 4. Nc3 a6 5. Qc2 g6 6. Bd3 Bg7 7. Nf3 O-O 8. O-O
Bg4 9. Ne5 Be6 10. c5 Nbd7 11. f4 Nxe5 12. fxe5 Nd7 13. Ne2 Re8 14. Nf4 Nf8 15.
h4 f6 16. h5 fxe5 17. Nxe6 Nxe6 18. Bxg6 hxg6 19. Qxg6 Nf8 20. Qf7+ Kh8 21. h6
Bxh6 22. e4 Bg7 23. Rf5 Nh7 24. Rh5 Qa5 25. Qg6 1-0

[Event "XXIII Mitropa Cup"]
[Site "Zemplinska Sirava SVK"]
[Date "2004.06.02"]
[Round "5.2"]
[White "Sarno, Spartaco"]
[Black "Brkic, Ante"]
[Result "0-1"]
[WhiteElo "2401"]
[BlackElo "2427"]
[Annotator "ITA-CRO"]
[PlyCount "146"]
[EventDate "2004.05.29"]

1. c4 Nf6 2. Nc3 d5 3. cxd5 Nxd5 4. g3 c5 5. Bg2 Nc7 6. Qb3 Nc6 7. Bxc6+ bxc6
8. Qa4 Bd7 9. Nf3 f6 10. d3 e5 11. Be3 Ne6 12. O-O Be7 13. Rfc1 Rb8 14. Rab1
O-O 15. Ne4 Rb5 16. Qxa7 Ra5 17. Qb7 f5 18. Nxe5 Bc8 19. Qb3 Qc7 20. Nd2 Qxe5
21. Nc4 Qc7 22. Nxa5 Qxa5 23. a3 Kh8 24. Qc3 Qc7 25. f4 Bf6 26. Qd2 Re8 27. Bf2
Nd4 28. Re1 Qd6 29. b4 c4 30. Bxd4 Qxd4+ 31. e3 Qxd3 32. Qxd3 cxd3 33. Kf2 Ba6
34. Rec1 Bb5 35. Rd1 Ra8 36. Rb3 Kg8 37. Rbxd3 Bxd3 38. Rxd3 Kf7 39. Kf3 Ke6
40. Rb3 Kd6 41. Rd3+ Kc7 42. Rb3 Kb6 43. g4 fxg4+ 44. Kxg4 Kb5 45. e4 Bd4 46.
e5 Kc4 47. Rh3 h6 48. Kf5 Bb2 49. Kg6 Ra7 50. e6 Bf6 51. Rxh6 Rxa3 52. Rh8 Kxb4
53. Rb8+ Kc4 54. Rb7 c5 55. f5 Re3 56. Kf7 Kd5 57. h4 Bxh4 58. Kxg7 c4 59. Rd7+
Ke5 60. Kg6 c3 61. Rc7 Rg3+ 62. Kf7 Kxf5 63. Rc5+ Kg4 64. Rc4+ Kh3 65. e7 Bxe7
66. Kxe7 Kg2 67. Kd6 Kf2 68. Kc5 Ke2 69. Kb4 Kd2 70. Kb3 Rd3 71. Rc5 Rd7 72.
Rc6 Rb7+ 73. Ka3 c2 0-1

[Event "XXIII Mitropa Cup"]
[Site "Zemplinska Sirava SVK"]
[Date "2004.06.02"]
[Round "5.3"]
[White "Kuljasevic, Davorin"]
[Black "Contin, Daniel"]
[Result "1-0"]
[WhiteElo "2408"]
[BlackElo "2401"]
[Annotator "ITA-CRO"]
[PlyCount "77"]
[EventDate "2004.05.29"]

1. d4 Nf6 2. Nf3 b6 3. c4 e6 4. a3 Ba6 5. Qc2 Bb7 6. Nc3 c5 7. e4 cxd4 8. Nxd4
Nc6 9. Nxc6 Bxc6 10. Bf4 Nh5 11. Be3 Qb8 12. O-O-O Bd6 13. g3 Be5 14. Bd3 Qb7
15. Rhe1 Bxc3 16. Qxc3 O-O 17. g4 Nf6 18. Bd4 Ne8 19. Kb1 b5 20. cxb5 Bxb5 21.
Bxb5 Qxb5 22. f3 f6 23. Be3 Rf7 24. Rd4 a5 25. Rc4 d6 26. a4 Qe5 27. Qd2 d5 28.
Bf4 Qxf4 29. Qxf4 dxc4 30. e5 Rc8 31. exf6 Nxf6 32. Qd6 c3 33. Rc1 Rfc7 34.
Qxe6+ Kf8 35. Rxc3 Rxc3 36. bxc3 Rxc3 37. g5 Ne8 38. Qf5+ Kg8 39. Qe5 1-0

[Event "XXIII Mitropa Cup"]
[Site "Zemplinska Sirava SVK"]
[Date "2004.06.02"]
[Round "5.4"]
[White "Cacco, Christian"]
[Black "Bosiocic, Marin"]
[Result "1-0"]
[WhiteElo "2319"]
[BlackElo "2285"]
[Annotator "ITA-CRO"]
[PlyCount "55"]
[EventDate "2004.05.29"]

1. Nf3 Nf6 2. c4 c5 3. Nc3 b6 4. g3 Bb7 5. Bg2 e6 6. O-O Be7 7. Re1 d6 8. e4 a6
9. d4 cxd4 10. Nxd4 Qc7 11. Qe2 O-O 12. Be3 Nbd7 13. f4 Rac8 14. Rac1 Qb8 15.
g4 g6 16. Nb3 Rfe8 17. Bf3 Nc5 18. Nd2 Qa8 19. Bf2 h6 20. h4 Nh7 21. g5 hxg5
22. hxg5 f6 23. gxf6 Bxf6 24. Bg3 e5 25. fxe5 dxe5 26. b4 Nd7 27. Qg2 Kh8 28.
Kh2 1-0

[Event "XXIII Mitropa Cup"]
[Site "Zemplinska Sirava SVK"]
[Date "2004.06.03"]
[Round "6.1"]
[White "Prusikin, Michael"]
[Black "Arlandi, Ennio"]
[Result "1-0"]
[WhiteElo "2518"]
[BlackElo "2431"]
[Annotator "ITA-GER"]
[PlyCount "103"]
[EventDate "2004.05.29"]

1. d4 d5 2. c4 c6 3. Nf3 Nf6 4. e3 a6 5. Bd3 Bg4 6. Nbd2 Nbd7 7. O-O e6 8. b3
Bd6 9. Bb2 Qb8 10. Qc2 Bh5 11. h3 O-O 12. Ng5 Bg6 13. Bxg6 hxg6 14. Rad1 Re8
15. Ndf3 Nh7 16. Nxh7 Kxh7 17. e4 dxe4 18. Qxe4 Kg8 19. Rfe1 Qc7 20. Qc2 Rad8
21. Rd3 Be7 22. Red1 Bf6 23. Bc3 c5 24. d5 exd5 25. Rxd5 Bxc3 26. Qxc3 Nf6 27.
Rxd8 Rxd8 28. Rxd8+ Qxd8 29. Qe5 b6 30. Ng5 Nh7 31. Ne4 Nf8 32. Nd6 Qf6 33.
Qxf6 gxf6 34. g4 Ne6 35. Ne8 f5 36. gxf5 gxf5 37. Kg2 Kh7 38. Kf3 Kg6 39. Ke3
Nd4 40. Nc7 a5 41. Nd5 b5 42. cxb5 Nxb5 43. Nb6 Kg5 44. Nc4 Nc3 45. a4 Nd5+ 46.
Kf3 Nb4 47. Nxa5 Nc2 48. Nc6 Na1 49. a5 Nxb3 50. Ke2 c4 51. a6 c3 52. Kd1 1-0

[Event "XXIII Mitropa Cup"]
[Site "Zemplinska Sirava SVK"]
[Date "2004.06.03"]
[Round "6.2"]
[White "Borgo, Giulio"]
[Black "Braun, Arik"]
[Result "0-1"]
[WhiteElo "2414"]
[BlackElo "2455"]
[Annotator "ITA-GER"]
[PlyCount "102"]
[EventDate "2004.05.29"]

1. Nf3 d5 2. d4 Nf6 3. c4 c6 4. Nc3 a6 5. e3 b5 6. b3 Bg4 7. Be2 e6 8. O-O Nbd7
9. h3 Bh5 10. Ne5 Bxe2 11. Nxe2 Nxe5 12. dxe5 Nd7 13. cxb5 cxb5 14. Bb2 Be7 15.
Nf4 O-O 16. Qg4 Kh8 17. Rad1 Nc5 18. b4 Na4 19. Ba1 Qc7 20. Rd4 Rac8 21. Nh5 g6
22. Nf6 Bxf6 23. exf6 Qe5 24. e4 Nc3 25. Bxc3 Rxc3 26. exd5 exd5 27. Qh4 h5 28.
Rfd1 Rc4 29. g3 Rd8 30. Kg2 Rd6 31. a3 Kg8 32. Qf4 Qxf4 33. Rxf4 Rxf4 34. gxf4
Kf8 35. Kf3 Ke8 36. h4 Kd7 37. f5 gxf5 38. Kf4 Ke6 39. Kg5 d4 40. Re1+ Kd5 41.
Kxh5 d3 42. Kg5 d2 43. Rd1 Ke4 44. h5 Kf3 45. h6 Ke2 46. Rxd2+ Rxd2 47. h7 Rd8
48. Kh6 Kxf2 49. Kg7 Ke3 50. Kxf7 f4 51. Ke7 Rh8 0-1

[Event "XXIII Mitropa Cup"]
[Site "Zemplinska Sirava SVK"]
[Date "2004.06.03"]
[Round "6.3"]
[White "Seel, Christian"]
[Black "Sarno, Spartaco"]
[Result "1/2-1/2"]
[WhiteElo "2433"]
[BlackElo "2401"]
[Annotator "ITA-GER"]
[PlyCount "182"]
[EventDate "2004.05.29"]

1. Nf3 Nf6 2. c4 g6 3. Nc3 Bg7 4. e4 O-O 5. d4 d6 6. Be2 e5 7. dxe5 dxe5 8.
Qxd8 Rxd8 9. Bg5 c6 10. Nxe5 Re8 11. Rd1 Na6 12. Nf3 Nc5 13. e5 Nfe4 14. Nxe4
Nxe4 15. Be3 f6 16. exf6 Bxf6 17. Bd4 Bg4 18. O-O Bxd4 19. Nxd4 Bxe2 20. Nxe2
Nd6 21. Rxd6 Rxe2 22. b3 Rxa2 23. Rd7 b5 24. Re1 Rf8 25. f3 Rf7 26. Re8+ Kg7
27. Rxf7+ Kxf7 28. Rc8 a5 29. Rc7+ Kg8 30. Rxc6 a4 31. bxa4 bxa4 32. Ra6 a3 33.
Ra7 Rc2 34. Rxa3 Rxc4 35. Ra7 Rc2 36. h3 Rb2 37. Kh2 Rc2 38. h4 h5 39. Kh3 Rc3
40. Ra2 Kg7 41. Kg3 Kf6 42. Kf2 Rc4 43. g3 Rb4 44. Ra3 Rb2+ 45. Ke3 Rb4 46.
Ra6+ Kf5 47. Ra5+ Kf6 48. Rd5 Ra4 49. Rd4 Ra5 50. Kd3 Ke5 51. Rc4 Ra3+ 52. Rc3
Ra4 53. Ke3 Rb4 54. Rc8 Rb3+ 55. Kf2 Rb2+ 56. Kf1 Kf6 57. Re8 Ra2 58. Re2 Ra3
59. Kg2 Kf5 60. Rb2 Ra4 61. Rb3 Ra2+ 62. Kh3 Rf2 63. Re3 Ra2 64. Re8 Kf6 65.
Re3 Kf5 66. Re4 Kf6 67. g4 hxg4+ 68. fxg4 Ra3+ 69. Kg2 Rb3 70. Rf4+ Kg7 71. Rf3
Rb4 72. Kg3 Ra4 73. Re3 Ra7 74. Kf4 Kf6 75. Kf3 Kg7 76. Re4 Rf7+ 77. Ke3 Ra7
78. Rd4 Re7+ 79. Kf4 Ra7 80. Rd5 Kf6 81. Rd6+ Kg7 82. Ke5 Re7+ 83. Re6 Ra7 84.
Rd6 Re7+ 85. Kd5 Re1 86. Re6 Rh1 87. Re7+ Kg8 88. Ke5 Rxh4 89. g5 Kf8 90. Rd7
Ra4 91. Ke6 Rf4 1/2-1/2

[Event "XXIII Mitropa Cup"]
[Site "Zemplinska Sirava SVK"]
[Date "2004.06.03"]
[Round "6.4"]
[White "Cacco, Christian"]
[Black "Bindrich, Falko"]
[Result "0-1"]
[WhiteElo "2319"]
[BlackElo "2253"]
[Annotator "ITA-GER"]
[PlyCount "78"]
[EventDate "2004.05.29"]

1. d4 Nf6 2. Nf3 e6 3. Bg5 c5 4. e3 b6 5. Nbd2 Bb7 6. Bd3 Be7 7. c3 O-O 8. O-O
d6 9. e4 cxd4 10. cxd4 h6 11. Bh4 Nc6 12. Re1 Nh5 13. Bxe7 Qxe7 14. a3 Nf4 15.
Bf1 Qf6 16. Nc4 Rad8 17. b4 d5 18. Nd6 Rxd6 19. e5 Qg6 20. Qd2 Nxg2 21. Bxg2
Rdd8 22. Re3 Ba6 23. Kh1 Rc8 24. Rg1 Qf5 25. Rb3 Bc4 26. Rc3 Ne7 27. Ne1 Ng6
28. Rf3 Qg5 29. Qxg5 hxg5 30. Bh3 Be2 31. Re3 g4 32. Bxg4 Bxg4 33. Rxg4 Rc1 34.
Kg2 Rfc8 35. Kf1 Ne7 36. Ke2 Nf5 37. Rd3 Ra1 38. Rd2 Rxa3 39. Rb2 Rc4 0-1

[Event "XXIII Mitropa Cup"]
[Site "Zemplinska Sirava SVK"]
[Date "2004.06.04"]
[Round "7.1"]
[White "Arlandi, Ennio"]
[Black "Manik, Mikulas"]
[Result "1/2-1/2"]
[WhiteElo "2431"]
[BlackElo "2491"]
[Annotator "ITA-SVK"]
[PlyCount "24"]
[EventDate "2004.05.29"]

1. d4 Nf6 2. c4 g6 3. Nc3 Bg7 4. e4 d6 5. Nf3 O-O 6. Be2 e5 7. O-O Na6 8. Re1
c6 9. Bf1 Bg4 10. d5 Nb4 11. Be2 a5 12. Bg5 h6 1/2-1/2

[Event "XXIII Mitropa Cup"]
[Site "Zemplinska Sirava SVK"]
[Date "2004.06.04"]
[Round "7.2"]
[White "Mrva, Martin"]
[Black "Sarno, Spartaco"]
[Result "1-0"]
[WhiteElo "2471"]
[BlackElo "2401"]
[Annotator "ITA-SVK"]
[PlyCount "103"]
[EventDate "2004.05.29"]

1. Nf3 Nf6 2. c4 g6 3. Nc3 Bg7 4. e4 d6 5. d4 O-O 6. Be2 e5 7. O-O Nc6 8. d5
Ne7 9. b4 Nh5 10. Re1 f5 11. Ng5 Nf6 12. Bf3 c6 13. Bb2 h6 14. Ne6 Bxe6 15.
dxe6 fxe4 16. Nxe4 Nxe4 17. Rxe4 d5 18. cxd5 cxd5 19. Rxe5 Bxe5 20. Bxe5 Qb6
21. Bb2 Rac8 22. Qe2 Rf5 23. g4 Rxf3 24. Qxf3 Qxe6 25. h3 Rc2 26. Bf6 Qe2 27.
Qg3 Kf7 28. Bc3 Qe4 29. Re1 Re2 30. Rxe2 Qxe2 31. Qf4+ Ke6 32. Qf6+ Kd7 33. a3
h5 34. Qf4 Kc6 35. Bf6 hxg4 36. hxg4 Kb5 37. Qd4 Nc6 38. Qxd5+ Ka4 39. g5 Qg4+
40. Kf1 Qh3+ 41. Kg1 Qg4+ 42. Qg2 Qd1+ 43. Kh2 Kxa3 44. Qe4 Qd2 45. Kg3 Qd6+
46. f4 Qd2 47. b5 Na5 48. Be7+ Kb3 49. f5 gxf5 50. Qb4+ Qxb4 51. Bxb4 Kxb4 52.
g6 1-0

[Event "XXIII Mitropa Cup"]
[Site "Zemplinska Sirava SVK"]
[Date "2004.06.04"]
[Round "7.3"]
[White "Contin, Daniel"]
[Black "Petrik, Tomas"]
[Result "0-1"]
[WhiteElo "2401"]
[BlackElo "2413"]
[Annotator "ITA-SVK"]
[PlyCount "100"]
[EventDate "2004.05.29"]

1. c4 Nf6 2. Nc3 e6 3. e4 c5 4. e5 Ng8 5. Nf3 Nc6 6. d4 cxd4 7. Nxd4 Nxe5 8.
Ndb5 a6 9. Nd6+ Bxd6 10. Qxd6 f6 11. Be3 Ne7 12. Bb6 Nf5 13. Qc5 d6 14. Qa5 Qd7
15. O-O-O Qc6 16. c5 Kf7 17. b4 Bd7 18. f4 Ng4 19. Be2 Nf2 20. Bf3 Qc8 21. g4
Ne3 22. Rd4 d5 23. Kd2 e5 24. Kxe3 exd4+ 25. Kxd4 Nxh1 26. Bxd5+ Kg6 27. f5+
Kh6 28. Ne4 g5 29. Nd6 Qf8 30. Bxb7 Qe7 31. Bxh1 Qe5+ 32. Kd3 Qxh2 33. Be4 Rae8
34. b5 Qg3+ 35. Kc2 Bxb5 36. Qd2 Qf4 37. Qd4 Qh2+ 38. Kb1 Re5 39. a4 Bc6 40.
Nf7+ Kg7 41. Nxe5 fxe5 42. Qe3 Bxe4+ 43. Qxe4 Rf8 44. c6 Qf4 45. Qxf4 gxf4 46.
c7 Kf6 47. Bf2 Kg5 48. Bc5 Rc8 49. Be7+ Kxg4 50. f6 f3 0-1

[Event "XXIII Mitropa Cup"]
[Site "Zemplinska Sirava SVK"]
[Date "2004.06.04"]
[Round "7.4"]
[White "Pinter, Erik"]
[Black "Cacco, Christian"]
[Result "1-0"]
[WhiteElo "2410"]
[BlackElo "2319"]
[Annotator "ITA-SVK"]
[PlyCount "71"]
[EventDate "2004.05.29"]

1. e4 g6 2. d4 Bg7 3. Nc3 d6 4. Be3 a6 5. Bd3 Nd7 6. Nce2 c5 7. c3 b5 8. Qd2
Bb7 9. f3 Qc7 10. Nh3 e6 11. Nf2 h6 12. O-O Ngf6 13. b3 e5 14. d5 Bc8 15. Bc2
Nb6 16. h3 Bd7 17. Ng4 Ng8 18. Ng3 Qd8 19. Qf2 h5 20. Nh2 Bh6 21. f4 Qe7 22.
Ne2 Rc8 23. Kh1 Rc7 24. Rad1 exf4 25. Nxf4 Bc8 26. e5 Nd7 27. exd6 Qxd6 28. Ne6
f5 29. Nxc7+ Qxc7 30. d6 Qc6 31. Bxh6 Rxh6 32. Rfe1+ Kf8 33. Nf3 Ngf6 34. Ng5
h4 35. Qf3 Qb6 36. Qe3 1-0

[Event "XXIII Mitropa Cup"]
[Site "Zemplinska Sirava SVK"]
[Date "2004.06.05"]
[Round "8.1"]
[White "Laznicka, Viktor"]
[Black "Arlandi, Ennio"]
[Result "1/2-1/2"]
[WhiteElo "2450"]
[BlackElo "2431"]
[Annotator "ITA-CZE"]
[PlyCount "62"]
[EventDate "2004.05.29"]

1. e4 c5 2. Nf3 e6 3. d4 cxd4 4. Nxd4 Nf6 5. Nc3 d6 6. Be3 a6 7. f3 b5 8. Qd2
Nbd7 9. g4 Nb6 10. O-O-O Bb7 11. Bd3 Rc8 12. Kb1 Nfd7 13. g5 Ne5 14. Qe1 b4 15.
Nce2 d5 16. Ng3 Qc7 17. Rf1 Nec4 18. Bc1 Bc5 19. Nb3 Be7 20. f4 O-O 21. exd5
Bxd5 22. Nh5 Nd6 23. Be3 Bc4 24. Bxb6 Qxb6 25. Qe5 f6 26. gxf6 gxf6 27. Qe2 Kh8
28. Bxc4 Nxc4 29. Rd7 Qb5 30. Rd3 e5 31. Ng3 Rce8 1/2-1/2

[Event "XXIII Mitropa Cup"]
[Site "Zemplinska Sirava SVK"]
[Date "2004.06.05"]
[Round "8.2"]
[White "Sarno, Spartaco"]
[Black "Biolek, Richard sr"]
[Result "1/2-1/2"]
[WhiteElo "2401"]
[BlackElo "2435"]
[Annotator "ITA-CZE"]
[PlyCount "66"]
[EventDate "2004.05.29"]

1. e4 e5 2. Nf3 Nc6 3. Bb5 f5 4. Nc3 Nf6 5. exf5 e4 6. Qe2 Qe7 7. Bxc6 dxc6 8.
Nh4 Bd7 9. O-O O-O-O 10. d3 exd3 11. Qxd3 Qf7 12. Bf4 Be7 13. Rad1 Rhe8 14. Bg3
Kb8 15. a3 Nh5 16. Rfe1 Bc8 17. Qf3 Bxh4 18. Bxh4 Rxd1 19. Qxd1 Rxe1+ 20. Qxe1
Bxf5 21. Qd2 b6 22. Ne2 Qd5 23. Qxd5 cxd5 24. Nd4 Bd7 25. b4 Kb7 26. Be7 Nf4
27. Bf8 g6 28. f3 Ne6 29. Nxe6 Bxe6 30. Kf2 d4 31. Ke2 Kc6 32. Kd3 Kd5 33. c4+
dxc3 1/2-1/2

[Event "XXIII Mitropa Cup"]
[Site "Zemplinska Sirava SVK"]
[Date "2004.06.05"]
[Round "8.3"]
[White "Jirka, Jiri"]
[Black "Contin, Daniel"]
[Result "1-0"]
[WhiteElo "2408"]
[BlackElo "2401"]
[Annotator "ITA-CZE"]
[PlyCount "77"]
[EventDate "2004.05.29"]

1. d4 Nf6 2. c4 e6 3. g3 d5 4. Bg2 Bb4+ 5. Bd2 Be7 6. Nf3 O-O 7. O-O c6 8. Qc2
b6 9. b3 Bb7 10. Rd1 Ne4 11. Nc3 f5 12. Ne5 Bf6 13. f3 Nxd2 14. Qxd2 c5 15. f4
cxd4 16. Qxd4 Nc6 17. Qe3 Nxe5 18. fxe5 Be7 19. Kh1 Bc5 20. Qf4 Bb4 21. Rac1
Bxc3 22. Rxc3 Qc7 23. Rcd3 dxc4 24. bxc4 Rac8 25. Rd7 Bxg2+ 26. Kxg2 Qc6+ 27.
Kg1 Rc7 28. Rxc7 Qxc7 29. Rd6 Qc5+ 30. e3 Re8 31. Qd4 Qb4 32. Kg2 Qa3 33. Qd2
Kf7 34. Rc6 Re7 35. Rc8 Qc5 36. Rxc5 bxc5 37. Qd6 Rb7 38. Qxc5 Rb2+ 39. Kh3 1-0

[Event "XXIII Mitropa Cup"]
[Site "Zemplinska Sirava SVK"]
[Date "2004.06.05"]
[Round "8.4"]
[White "Cacco, Christian"]
[Black "Sikorova, Olga"]
[Result "1-0"]
[WhiteElo "2319"]
[BlackElo "2275"]
[Annotator "ITA-CZE"]
[PlyCount "137"]
[EventDate "2004.05.29"]

1. d4 Nf6 2. Nf3 c5 3. c4 cxd4 4. Nxd4 g6 5. Nc3 Bg7 6. g3 O-O 7. Bg2 Nc6 8.
O-O Nxd4 9. Qxd4 d6 10. Qh4 Re8 11. Bh6 Bh8 12. Rad1 Qa5 13. Bc1 Rb8 14. a3 Be6
15. Bd5 a6 16. b4 Qc7 17. Bxe6 fxe6 18. Ne4 Nxe4 19. Qxe4 Kf7 20. Rd3 Rec8 21.
c5 Bf6 22. Bf4 Qc6 23. Qxc6 Rxc6 24. cxd6 e5 25. d7 Rd8 26. Be3 Rd6 27. Rc3 b5
28. a4 R8xd7 29. axb5 axb5 30. Ra3 Rd5 31. Bc5 Rd2 32. Re1 Ke6 33. Ra6+ Kd5 34.
e4+ Kc4 35. Kg2 Rd1 36. Re2 R7d2 37. Rxd2 Rxd2 38. Rc6 Kb3 39. h4 h5 40. Kf3
Rc2 41. Rb6 Rc3+ 42. Kg2 Kc4 43. Rb8 Rb3 44. Rc8 Kd3 45. Rg8 Kxe4 46. Rxg6 Rc3
47. Rg8 Kd5 48. Rd8+ Kc4 49. Kf1 e4 50. Ke2 Rd3 51. Rc8 Kb3 52. Rc6 Bc3 53. Re6
Bxb4 54. Rxe4 Rd2+ 55. Ke3 Bc3 56. Bxe7 Rd5 57. f3 b4 58. g4 Rb5 59. g5 Kc2 60.
Bxb4 Bxb4 61. Rxb4 Rxb4 62. f4 Kc3 63. g6 Rb8 64. f5 Re8+ 65. Kf4 Kd4 66. f6
Rf8 67. Kf5 Kd5 68. f7 Kd6 69. Kf6 1-0

[Event "XXIII Mitropa Cup"]
[Site "Zemplinska Sirava SVK"]
[Date "2004.06.06"]
[Round "9.1"]
[White "Arlandi, Ennio"]
[Black "Varga, Zoltan"]
[Result "1-0"]
[WhiteElo "2431"]
[BlackElo "2564"]
[Annotator "ITA-HUN"]
[PlyCount "87"]
[EventDate "2004.05.29"]

1. d4 d5 2. c4 dxc4 3. Nf3 c6 4. e3 Be6 5. a4 Nf6 6. Na3 c5 7. Nxc4 Nc6 8. Nce5
Nxe5 9. Nxe5 a6 10. dxc5 Qa5+ 11. Bd2 Qxc5 12. Nd3 Qf5 13. f3 Qd5 14. Nf4 Qd6
15. Nxe6 Qxe6 16. Rc1 Qd7 17. Be2 e6 18. Kf2 Be7 19. Ba5 Nd5 20. e4 b6 21. Bd2
Nb4 22. Be3 Qb7 23. Qd4 O-O 24. Qxb6 Rfb8 25. Qxb7 Rxb7 26. Rc4 h6 27. Rhc1 Na2
28. Rc8+ Rxc8 29. Rxc8+ Kh7 30. Bxa6 Rxb2+ 31. Kg3 Bb4 32. Bd4 Be1+ 33. Kh3 Rd2
34. Rc4 g5 35. Bf6 Kg6 36. e5 h5 37. Re4 Rd1 38. Be2 Ra1 39. Bd3 Kh6 40. Be7
g4+ 41. fxg4 hxg4+ 42. Rxg4 Nc3 43. Bf8+ Kh5 44. Rg8 1-0

[Event "XXIII Mitropa Cup"]
[Site "Zemplinska Sirava SVK"]
[Date "2004.06.06"]
[Round "9.2"]
[White "Horvath, Adam"]
[Black "Borgo, Giulio"]
[Result "0-1"]
[WhiteElo "2517"]
[BlackElo "2414"]
[Annotator "ITA-HUN"]
[PlyCount "76"]
[EventDate "2004.05.29"]

1. e4 e6 2. d4 d5 3. Nc3 h6 4. Nf3 Nf6 5. Bd3 Bb4 6. e5 Ne4 7. O-O Nxc3 8. bxc3
Bxc3 9. Rb1 c5 10. Rb3 cxd4 11. Ba3 a6 12. Qc1 g5 13. h4 g4 14. Nh2 Qxh4 15. g3
Qh5 16. Qb1 Qxe5 17. Rxb7 Bd7 18. Nxg4 Qg5 19. Rxd7 Nxd7 20. Qb7 Rd8 21. Qxa6
h5 22. Nh2 Qe5 23. Bd6 Qf6 24. Bb5 e5 25. Rb1 Qe6 26. Bxd7+ Rxd7 27. Rb8+ Rd8
28. Qc6+ Qd7 29. Rxd8+ Kxd8 30. Qa8+ Qc8 31. Qxd5 Qe6 32. Qc6 Rh6 33. Qb6+ Kd7
34. Qc7+ Ke8 35. Qb8+ Kd7 36. Bxe5 Qc6 37. Qf8 Ke6 38. Qxh6+ Kxe5 0-1

[Event "XXIII Mitropa Cup"]
[Site "Zemplinska Sirava SVK"]
[Date "2004.06.06"]
[Round "9.4"]
[White "Erdos, Viktor"]
[Black "Cacco, Christian"]
[Result "1/2-1/2"]
[WhiteElo "2473"]
[BlackElo "2319"]
[Annotator "ITA-HUN"]
[PlyCount "124"]
[EventDate "2004.05.29"]

1. d4 c5 2. d5 e6 3. c4 exd5 4. cxd5 d6 5. Nc3 g6 6. e4 Bg7 7. Bd3 Nf6 8. h3
O-O 9. Nf3 Nbd7 10. O-O Ne8 11. Be3 a6 12. a4 Nc7 13. Qd2 Re8 14. Rab1 b5 15.
axb5 axb5 16. b4 Ra3 17. Ne2 Na6 18. bxc5 Naxc5 19. Bxb5 Rxe4 20. Ng3 Re7 21.
Bg5 Bf6 22. Nf5 Rxf3 23. gxf3 Re5 24. Bxf6 Nxf6 25. Nh6+ Kg7 26. Ng4 Rh5 27.
Kg2 h6 28. Rbd1 Ng8 29. Qd4+ Kh7 30. Rh1 Rf5 31. Rde1 Bd7 32. Bxd7 Nxd7 33. Re4
h5 34. Qe3 Ngf6 35. Nxf6+ Nxf6 36. Rd4 Nxd5 37. Qc1 Qf6 38. Re4 Nf4+ 39. Kh2
Qh4 40. Qf1 d5 41. Ra4 Qd8 42. Rg1 d4 43. Qd1 d3 44. Qa1 Qb6 45. Qd4 Qc6 46.
Rc4 Qxf3 47. Rg3 Qb7 48. Rb4 Qc8 49. Rc4 Qe6 50. Re3 Ne2 51. Rxe6 Nxd4 52. Rd6
Nf3+ 53. Kg2 g5 54. Re4 Ne5 55. Rxe5 Rxe5 56. Rxd3 Kg6 57. Rd6+ f6 58. Rb6 Kf5
59. Rb8 Kf4 60. Rf8 Kf5 61. Rb8 Kg6 62. Rg8+ Kh6 1/2-1/2

[Event "X Torneo Leonardo di Bona A"]
[Site "Cutro ITA"]
[Date "2004.04.23"]
[Round "1"]
[White "Antoniacci, Riccardo"]
[Black "Garcia Palermo, Carlos Horacio"]
[Result "0-1"]
[WhiteElo "2048"]
[BlackElo "2444"]
[PlyCount "80"]
[EventDate "2004.04.23"]

1. e4 c6 2. d4 d5 3. exd5 cxd5 4. c4 Nf6 5. Nc3 e6 6. Bg5 Be7 7. Nf3 Ne4 8.
Bxe7 Qxe7 9. Qc2 Nxc3 10. bxc3 Nc6 11. Bd3 dxc4 12. Bxc4 O-O 13. O-O b6 14. Qe4
Bb7 15. Bd3 g6 16. Qf4 Kg7 17. Ng5 h6 18. Nf3 Rac8 19. Rfe1 Qf6 20. Qg3 Ne7 21.
Ne5 Qg5 22. Qxg5 hxg5 23. Rac1 Rc7 24. Re2 Rfc8 25. Rec2 Nd5 26. Kf1 Nf4 27. g3
Nxd3 28. Nxd3 Rh8 29. Kg1 Be4 30. Rd2 Rhc8 31. Re1 Bxd3 32. Rxd3 Rxc3 33. Ree3
Rxd3 34. Rxd3 Rc4 35. Kg2 Ra4 36. a3 Kf6 37. Kf3 Ke7 38. Kg4 f6 39. h4 gxh4 40.
gxh4 a6 0-1

[Event "X Torneo Leonardo di Bona A"]
[Site "Cutro ITA"]
[Date "2004.04.23"]
[Round "1"]
[White "Armentano, Alessio"]
[Black "Janev, Evgeni"]
[Result "1-0"]
[WhiteElo "1991"]
[BlackElo "2405"]
[PlyCount "117"]
[EventDate "2004.04.23"]

1. e4 Nf6 2. Nc3 e5 3. Nf3 d6 4. d4 Nbd7 5. Bc4 Be7 6. O-O O-O 7. dxe5 dxe5 8.
Bg5 c6 9. a4 a5 10. Qe2 h6 11. Bh4 Nh5 12. Bxe7 Qxe7 13. Rad1 Nc5 14. Qe3 Nf4
15. b3 Rb8 16. Ne2 g5 17. Qc3 Nxe4 18. Qxa5 Nxe2+ 19. Bxe2 f6 20. Qa7 Be6 21.
Qe3 Nc5 22. Rfe1 b5 23. axb5 cxb5 24. Qd2 Rfc8 25. Qb4 Qb7 26. Rd6 Kf7 27. Red1
Qe4 28. Qd2 Rc7 29. Rd8 Rxd8 30. Qxd8 Rc8 31. Qd2 b4 32. Ra1 Qb7 33. Qe3 Bf5
34. Bc4+ Kg6 35. Ne1 Qd7 36. Be2 Ne6 37. g4 Nf4 38. gxf5+ Qxf5 39. Bd3 Nxd3 40.
Qxd3 e4 41. Qd2 Rc3 42. Ng2 Qg4 43. Kh1 Qc8 44. Ne3 Qh3 45. Qd5 Rxe3 46. fxe3
Qf3+ 47. Kg1 Qxe3+ 48. Kf1 Qf3+ 49. Kg1 g4 50. Re1 f5 51. Qe6+ Kg5 52. Qe7+ Kg6
53. Qxb4 Kg5 54. Qe7+ Kh5 55. Qe5 Kh4 56. Qd4 g3 57. Qe3 f4 58. hxg3+ fxg3 59.
Qxe4+ 1-0

[Event "X Torneo Leonardo di Bona A"]
[Site "Cutro ITA"]
[Date "2004.04.23"]
[Round "1"]
[White "Brancaleoni, Maurizio"]
[Black "Palac, Mladen"]
[Result "1-0"]
[WhiteElo "2296"]
[BlackElo "2565"]
[PlyCount "69"]
[EventDate "2004.04.23"]

1. Nf3 Nf6 2. c4 e6 3. g3 d5 4. d4 dxc4 5. Bg2 a6 6. O-O b5 7. Ne5 Nd5 8. a4
Bb7 9. e4 Nf6 10. axb5 axb5 11. Rxa8 Bxa8 12. Nc3 c6 13. Bg5 Be7 14. Qa1 Bb7
15. Qa7 Qc8 16. d5 O-O 17. dxe6 fxe6 18. Rd1 Na6 19. Nd7 Rd8 20. Bh3 Rxd7 21.
Bxe6+ Kf8 22. Bxd7 Nxd7 23. Bxe7+ Kxe7 24. Qd4 Nf6 25. e5 Nd5 26. Qh4+ Kf7 27.
Ne4 Kg8 28. Nd6 Qd7 29. Nxb7 Qxb7 30. Qd8+ Kf7 31. e6+ Kg6 32. Qe8+ Kf5 33.
Qf8+ Kg6 34. g4 Nf6 35. Rd7 1-0

[Event "X Torneo Leonardo di Bona A"]
[Site "Cutro ITA"]
[Date "2004.04.23"]
[Round "1"]
[White "Contin, Daniel"]
[Black "Epishin, Vladimir V."]
[Result "0-1"]
[WhiteElo "2401"]
[BlackElo "2610"]
[PlyCount "108"]
[EventDate "2004.04.23"]

1. c4 Nf6 2. Nc3 e5 3. Nf3 Nc6 4. g3 Bb4 5. Nd5 Bc5 6. Bg2 O-O 7. O-O d6 8. d4
Nxd4 9. Nxd4 Nxd5 10. Nb3 Nb4 11. Nxc5 dxc5 12. Be3 Na6 13. Qxd8 Rxd8 14. Rfd1
Re8 15. a3 c6 16. b4 cxb4 17. axb4 Nxb4 18. Rdb1 Nc2 19. Rxa7 Rxa7 20. Bxa7 Nd4
21. e3 Ne6 22. Rd1 f6 23. Bb6 Kf7 24. f4 exf4 25. exf4 Nf8 26. Kf2 Be6 27. Rc1
Ra8 28. Be3 Ra2+ 29. Kg1 Rb2 30. Bf1 Rb3 31. Bf2 Nd7 32. c5 f5 33. Bd4 Bd5 34.
Re1 Nf6 35. Bg2 Bxg2 36. Bxf6 Kxf6 37. Kxg2 Rb2+ 38. Kh3 h6 39. Re8 g5 40. Rf8+
Ke6 41. fxg5 hxg5 42. g4 fxg4+ 43. Kg3 Rb5 44. Rb8 Rxc5 45. Rxb7 Re5 46. Kxg4
c5 47. Rc7 Kd5 48. Rc8 c4 49. h3 Kd4 50. Rd8+ Ke3 51. Rc8 Kd3 52. Rc7 c3 53.
Kh5 c2 54. Rc8 Rd5 0-1